Divided Region by Map - Statistics

General Stats
  • This quiz has been taken 140 times
    115 since last reset
  • The average score is 18 of 28
Answer Stats
Picture Answer % Correct
Ireland
96%
The Sudans
95%
Korea
94%
The Californias
90%
Cyprus
88%
Borneo
87%
Hispañola
85%
Macedonia
81%
New Guinea
81%
Greater Somalia
80%
Lapland
76%
Kurdistan
73%
The Guianas
69%
Whole Azerbaijan
68%
Mongolian Plateau
67%
United Armenia
65%
Bengal
63%
Punjab
62%
Tyrol
62%
Balochistan
48%
Frisia
45%
Moldavia
45%
Pomerania
45%
Thrace
45%
Karelia
39%
Schleswig
37%
Greater Luxembourg
21%
Banat
15%
No matching quizzes found
Score Distribution
Percent of People with Each Score
Percentile by Number Answered
Your Score History
You have not taken this quiz since the last reset